Las maravillas perdidas del mundo : breve historia de las grandes catástrofes culturales de la civilización /

Reconocido internacionalmente como un experto en materia de patrimonio cultural y delitos patrimoniales de esta naturaleza, el autor describe críticamente las grandes pérdidas culturales ocurridas a lo largo de la historia en las diversas civilizaciones y por causas múltiples.

Сохранить в:
Библиографические подробности
Главный автор: Báez, Fernando (autor)
Формат:
Язык:испанский
Опубликовано: México : Océano, 2012, c2012
Предметы:
Метки: Добавить метку
Нет меток, Требуется 1-ая метка записи!

MARC

LEADER 00000nam^a2200000^a^4500
001 000342504
005 20250521000000.0
008 140523 20122012
009 20260310114553.962
020 |a 978-607-400-774-9 
037 |a Acervo ITESO - Biblioteca 
041 |a ESP 
082 |a 719. 3209  |b BAE 
100 |a Báez, Fernando  |e (autor) 
245 1 4 |a Las maravillas perdidas del mundo :  |b breve historia de las grandes catástrofes culturales de la civilización /  |c F. Báez. 
264 4 |a México :  |b Océano,  |c 2012, c2012 
300 |a 381 p. 
336 |a texto  |b txt  |2 rdacontenido 
337 |a sin mediación  |b n  |2 rdamedio 
338 |a volumen  |b nc  |2 rdasoporte 
520 |a Reconocido internacionalmente como un experto en materia de patrimonio cultural y delitos patrimoniales de esta naturaleza, el autor describe críticamente las grandes pérdidas culturales ocurridas a lo largo de la historia en las diversas civilizaciones y por causas múltiples. 
649 |a XX 
650 |a Civilización -  |x Historia 
650 |a Delitos contra el Patrimonio Cultural -  |x Historia 
650 |a Destrucción del Patrimonio Cultural -  |x Historia -  |x Tema Principal 
650 |a Patrimonio Artístico 
650 |a Patrimonio Histórico 
650 |a Valoración Patrimonial e Histórica -  |x Tema Principal 
650 |a Historia Universal 
910 |a Fondo General 
920 |a Impresos - Libros 
930 |a Colección General 
905 |a 101 
901 |a 0500232327  |b IT1  |c ACC  |i C138576  |u 20250521 
902 |a https://opac.biblio.iteso.mx/vufind/Record/000342504